MARC

Tag First Indicator Second Indicator Subfields
LEADER 00000cam a2200000 4500
001 in00001574445
005 20220103181526.0
006 m u
007 cr cn|||||||||
008 001009s1994 cau sb 001 0 eng
010 |z 93039502 
020 |a 0585181772 (electronic bk.) :  |c $27.50 
020 |z 0520087852 
035 |a 32748  |b (N$T) 
035 |a nL32748 
040 |a N$T  |c N$T  |d UtOrBLW 
050 1 0 |a PN56.H55  |b B47 1994eb 
082 0 4 |a 809/.93358  |2 20 
100 1 |a Bernstein, Michael André,  |d 1947-  |0 http://id.loc.gov/authorities/names/n80001634 
245 1 0 |a Foregone conclusions :  |b against apocalyptic history /  |c Michael André Bernstein. 
264 1 |a Berkeley :  |b University of California Press,  |c [1994] 
264 4 |c ©1994 
300 |a xiii, 181 pages ;  |c 22 cm. 
336 |a text  |b txt  |2 rdacontent 
337 |a computer  |b c  |2 rdamedia 
338 |a online resource  |b cr  |2 rdacarrier 
490 1 |a Contraversions ;  |v 4 
500 |a "A Centennial book." 
504 |a Includes bibliographical references (pages 129-170) and index. 
533 |a Electronic reproduction.  |b Boulder, Colo. :  |c NetLibrary,  |d 2000.  |n Available via World Wide Web.  |n Access may be limited to NetLibrary affiliated libraries. 
500 |a Electronic resource. 
650 0 |a Holocaust, Jewish (1939-1945), in literature.  |0 http://id.loc.gov/authorities/subjects/sh85061522 
600 1 0 |a Apelfeld, Aharon.  |t Badenhaim, ʻir nofesh. 
650 0 |a Victims in literature.  |0 http://id.loc.gov/authorities/subjects/sh85143175 
650 0 |a Holocaust, Jewish (1939-1945)  |x Influence.  |0 http://id.loc.gov/authorities/subjects/sh89002620 
650 0 |a Jews  |x History  |x Philosophy.  |0 http://id.loc.gov/authorities/subjects/sh2008106127 
655 0 |a Electronic books. 
710 2 |a NetLibrary, Inc.  |0 http://id.loc.gov/authorities/names/no99080690 
740 0 |a Against apocalyptic history. 
776 0 |c Original  |w (DLC) 93039502 
830 0 |a Contraversions ;  |v 4.  |0 http://id.loc.gov/authorities/names/nr93032118 
856 4 1 |u https://proxy.library.tamu.edu/login?url=http://www.netLibrary.com/urlapi.asp?action=summary&v=1&bookid=32748  |z Connect to the full text of this electronic book  |t 0 
999 |a MARS 
999 f f |s 30001c12-a3e7-3c6f-b4fe-9e023313c2a9  |i 4894c359-2e4a-3026-a684-a93e586b9c8a  |t 0 
952 f f |a Texas A&M University  |b College Station  |c Electronic Resources  |d Available Online  |t 0  |e PN56.H55 B47 1994eb  |h Library of Congress classification 
998 f f |a PN56.H55 B47 1994eb  |t 0  |l Available Online